Fast Food Names - Statistics

General Stats
  • This quiz has been taken 70 times
  • The average score is 16 of 20
Answer Stats
Picture Answer % Correct
mcdonalds
100%
kfc
95%
wendys
94%
in n out
92%
starbucks
92%
subway
92%
taco bell
92%
burger king
90%
chickfila
90%
dunkin donuts
89%
pizza hut
89%
panda express
79%
arbys
76%
sonic
74%
dairy queen
69%
jack in the box
66%
white castle
63%
panera
56%
whataburger
55%
carls jr
52%
No matching quizzes found
Score Distribution
Percent of People with Each Score
Percentile by Number Answered
Your Score History
You have not taken this quiz